Không có gì mãi mãi

Đã lưu trong:
书目详细资料
主要作者: SIDNEY SHELDON
格式: 图书
语言:Undetermined
出版: Văn học 2001
标签: 添加标签
没有标签, 成为第一个标记此记录!
Thư viện lưu trữ: Trung tâm Học liệu Trường Đại học Cần Thơ
LEADER 00409nam a2200145Ia 4500
001 CTU_48782
008 210402s9999 xx 000 0 und d
082 |a 813.5 
082 |b S544k 
100 |a SIDNEY SHELDON 
245 0 |a Không có gì mãi mãi 
245 0 |c SIDNEY SHELDON, Phạm Hương Trà 
260 |b Văn học 
260 |c 2001 
980 |a Trung tâm Học liệu Trường Đại học Cần Thơ